hornylovesickmess- girl in red - Statistics

General Stats
  • This quiz has been taken 16 times
  • The average score is 122 of 204
Answer Stats
Answer % Correct
a
92%
I
92%
horny,
75%
I'm
75%
love
75%
lovesick
75%
back
67%
be
67%
but
67%
But
67%
'Cause
67%
Going
67%
going
67%
in
67%
lonely
67%
me
67%
New
67%
of
67%
on
67%
sex
67%
that
67%
the
67%
Think
67%
to
67%
York
67%
you
67%
always
58%
am
58%
And
58%
are
58%
as
58%
at
58%
away
58%
been
58%
bus
58%
come
58%
deserve
58%
do
58%
doesn't
58%
face
58%
far
58%
for
58%
good-looking
58%
got
58%
had
58%
had?
58%
hotel
58%
If
58%
insane
58%
It
58%
it
58%
it's
58%
It's
58%
I've
58%
just
58%
Like
58%
like
58%
little
58%
long
58%
matter
58%
mess
58%
month
58%
months
58%
more
58%
Or
58%
pretty
58%
really
58%
room
58%
since
58%
so
58%
So
58%
somewhere
58%
than
58%
thinking
58%
time
58%
trash
58%
treated
58%
up
58%
view
58%
we
58%
what
58%
who
58%
With
58%
with
58%
Wondering
58%
about
50%
ass
50%
billboard
50%
calls
50%
city
50%
day
50%
don't
50%
Down
50%
ever
50%
Every
50%
every
50%
excuse
50%
fact
50%
find
50%
From
50%
fuck
50%
get
50%
have
50%
how
50%
Let's
50%
make
50%
maybe
50%
much
50%
my
50%
My
50%
need
50%
off,
50%
once
50%
plane
50%
rain
50%
same
50%
Shit's
50%
shittiest
50%
Square
50%
states
50%
still
50%
straight
50%
take
50%
that's
50%
things
50%
this
50%
through
50%
Times
50%
type
50%
wanna
50%
bad,
42%
changed
42%
comes
42%
fun
42%
guess
42%
Guess
42%
into,
42%
midnight x5
42%
oh
42%
person
42%
ruined
42%
There's
42%
turning
42%
us
42%
weird
42%
Will
42%
out
33%
No matching quizzes found
Score Distribution
Percent of People with Each Score
Percentile by Number Answered
Your Score History
You have not taken this quiz